000 00345nam a2200145 4500
003 OSt
008 250128b |||||||| |||| 00| 0 eng d
100 _aFOROUAN, Behrouz A.
245 _aComputer Networks
_bA Top Down Approach
250 _aRep
260 _aNew Delhi
_bMc Graw Hill
_c2023
300 _a931
650 _aCSE
942 _2ddc
_cBK
999 _c13037
_d13037